Every tenant matters (Record no. 107203)

MARC details
000 -LEADER
fixed length control field 01403cam a22002295a 4500
001 - CONTROL NUMBER
control field L138564
008 - FIXED-LENGTH DATA ELEMENTS--GENERAL INFORMATION
fixed length control field 070621e20070619xxk f f000 0 eng d
035 ## - SYSTEM CONTROL NUMBER
System control number (Sirsi) u138564
041 0# - LANGUAGE CODE
Language code of text/sound track or separate title eng
050 04 - LIBRARY OF CONGRESS CALL NUMBER
Classification number 306.11 $2 18
100 1# - MAIN ENTRY--PERSONAL NAME
Personal name Cave, Martin
240 14 - UNIFORM TITLE
Uniform title The Cave review of social housing regulation
245 00 - TITLE STATEMENT
Title Every tenant matters
Remainder of title a review of social housing regulation
Medium [electronic resource]
260 ## - PUBLICATION, DISTRIBUTION, ETC.
Place of publication, distribution, etc. London
Name of publisher, distributor, etc. DCLG
Date of publication, distribution, etc. 2007
520 ## - SUMMARY, ETC.
Summary, etc. Reports on the review of social housing regulation commissioned by the Department for Communities and Local Government and led by Professor Martin Cave. Considers the need for regulation and the shortcomings of the current system. Recommends the creation of a statutory regulatory body, independent from government. It should empower and protect tenants while ensuring a continuing housing supply with choice of provider at all levels. It should implement a registration framework for providers. Recommendations are made to both the Secretary of State and to the regulator as to its operation and powers.
590 ## - LOCAL NOTE (RLIN)
Local note KA NTK
650 24 - SUBJECT ADDED ENTRY--TOPICAL TERM
Topical term or geographic name entry element Affordable housing
9 (RLIN) 6215
651 #4 - SUBJECT ADDED ENTRY--GEOGRAPHIC NAME
Geographic name United Kingdom
Chronological subdivision
690 ## - LOCAL SUBJECT ADDED ENTRY--TOPICAL TERM (OCLC, RLIN)
Topical term or geographic name as entry element PROPERTY-RESIDENTIAL PROPERTY-RESIDENTIAL PROPERTY TENURE-LEASEHOLD RESIDENTIAL PROPERTY
856 40 - ELECTRONIC LOCATION AND ACCESS
Uniform Resource Identifier <a href="https://www.communities.gov.uk/index.asp?id=1511391">https://www.communities.gov.uk/index.asp?id=1511391</a>
Public note View the item free of charge at www.communities.gov.uk...
942 ## - ADDED ENTRY ELEMENTS (KOHA)
Suppress in OPAC 0
Holdings
Withdrawn status Lost status Source of classification or shelving scheme Damaged status Not for loan Home library Current library Shelving location Date acquired Total Checkouts Full call number Barcode Date last seen Copy number Price effective from Koha item type
    Dewey Decimal Classification     Virtual Virtual Online 21/06/2007   ONLINE PUBLICATION 138564-1001 06/08/2019 1 06/08/2019 Book